| 000 | 00794nam a2200241 a 4500 | ||
|---|---|---|---|
| 001 | 000044969 | ||
| 005 | 20201002045754.0 | ||
| 008 | 100111s1998 sp 000 f spa d | ||
| 020 | _z8437603281 | ||
| 040 |
_aDO-SdBNP _bspa _cBNPHU |
||
| 082 |
_aM863.44 _bF954r, 1994 |
||
| 100 | 1 |
_aFuentes, Carlos, _d1928- _99774 |
|
| 245 | 1 | 3 |
_aLa región más transparente / _cCarlos Fuentes ; edición de Georgina García-Gutiérrez. |
| 250 | _a6a ed. | ||
| 260 |
_aMadrid : _bCátedra, _c1998. |
||
| 300 |
_a565, [10] p. : ; _c18 cm. |
||
| 490 | 1 |
_aLetras hispánicas _v145 |
|
| 500 | _aIncluye notas a píe de páginas | ||
| 650 | 4 |
_aNovela mexicana _93959 |
|
| 650 | 4 |
_aLiteratura mexicana _91922 |
|
| 700 | 1 |
_aGarcía-Gutiérrez, Georgina, _eed. _932718 |
|
| 830 | 0 |
_aLetras hispánicas ; _v145 _94208 |
|
| 999 |
_c44458 _d44458 |
||